Anu Urja ka Sanharak Roop (Record no. 602384)

MARC details
000 -LEADER
fixed length control field 00370nam a2200145Ia 4500
008 - FIXED-LENGTH DATA ELEMENTS--GENERAL INFORMATION
fixed length control field 100415s9999 xx 000 0 und d
082 ## - DEWEY DECIMAL CLASSIFICATION NUMBER
Item number 19487
Classification number 541.2
100 ## - MAIN ENTRY--PERSONAL NAME
Personal name DESAI NARAYAN
245 ## - TITLE STATEMENT
Title Anu Urja ka Sanharak Roop
260 ## - PUBLICATION, DISTRIBUTION, ETC. (IMPRINT)
Place of publication, distribution, etc PUNE
Date of publication, distribution, etc 1988
Name of publisher, distributor, etc PARISAR
365 ## - TRADE PRICE
Price amount 5
630 ## - SUBJECT ADDED ENTRY--UNIFORM TITLE
Uniform title Anu Urja ka Sanharak Roop
730 ## - ADDED ENTRY--UNIFORM TITLE
Uniform title Anu Urja ka Sanharak Roop
942 ## - ADDED ENTRY ELEMENTS (KOHA)
Koha item type Book
Holdings
Withdrawn status Lost status Damaged status Not for loan Home library Current library Date acquired Cost, normal purchase price Total Checkouts Full call number Barcode Date last seen Price effective from Koha item type
        Bombay Natural History Society Bombay Natural History Society 12/18/2001 5.00   541.2 19487 BNHS-19487 04/15/2010 04/15/2010 Book